000
00255nam a2200097Ia 4500
001
717157
005
20250826162958.0
008
250824s9999 xx 000 0 und d
245
0
_a
SOMUNCU BABA AŞKIN SIRRI
_c
MAHMUT ULU
260
_b
KARATAY AKADEMİ YAYINLARI
999
_c
717157
_d
717157